ბათუმის შოთა რუსთაველის სახელმწიფო უნივერსიტეტის ბიბლიოთეკა

У истоков европейской комедии / (ბიბ.ჩანაწერი № 61162)

000 -LEADER
fixed length control field 00874nam a22002057a 4500
005 - DATE AND TIME OF LATEST TRANSACTION
control field 20231226113434.0
008 - FIXED-LENGTH DATA ELEMENTS--GENERAL INFORMATION
fixed length control field 231226s1979 ru ||||| |||| 00| 0 rus d
041 ## - LANGUAGE CODE
Language code of text/sound track or separate title rus
080 ## - UNIVERSAL DECIMAL CLASSIFICATION NUMBER
Universal Decimal Classification number 904(37+38) Я-71
100 ## - MAIN ENTRY--PERSONAL NAME
Personal name Ярхо, В. Н.
9 (RLIN) 20888
245 ## - TITLE STATEMENT
Title У истоков европейской комедии /
Statement of responsibility, etc. В.Н. Ярхо ; Отв. ред. М.Л. Гаспаров.
264 ## - PRODUCTION, PUBLICATION, DISTRIBUTION, MANUFACTURE, AND COPYRIGHT NOTICE
Place of production, publication, distribution, manufacture Москва :
Name of producer, publisher, distributor, manufacturer Наука,
Date of production, publication, distribution, manufacture, or copyright notice 1979.
300 ## - PHYSICAL DESCRIPTION
Extent 174 стр. :
Other physical details илл. ;
Dimensions 20 см.
440 ## - SERIES STATEMENT/ADDED ENTRY--TITLE
Title Из истории мировой культуры
9 (RLIN) 20889
653 ## - INDEX TERM--UNCONTROLLED
keyword ლიტერატურათმცოდნეობა
653 ## - INDEX TERM--UNCONTROLLED
keyword უცხოური ლიტერატურა
653 ## - INDEX TERM--UNCONTROLLED
keyword ევროპის ლიტერატურა
700 ## - ADDED ENTRY--PERSONAL NAME
Personal name Гаспаров, М.
Relator term რედაქტორი
9 (RLIN) 20890
942 ## - ADDED ENTRY ELEMENTS (KOHA)
Source of classification or shelving scheme
Koha item type წიგნი
ეგზემპლარები
Withdrawn status Lost status Source of classification or shelving scheme Damaged status Not for loan Permanent Location Current Location Shelving location Date acquired Cost, normal purchase price Full call number Barcode Date last seen Copy number Uniform Resource Identifier Price effective from Koha item type Public note
          ბათუმის შოთა რუსთაველის სახელმწიფო უნივერსიტეტის მთავარი ბიბლიოთეკა ბათუმის შოთა რუსთაველის სახელმწიფო უნივერსიტეტის მთავარი ბიბლიოთეკა წიგნსაცავი 2023-12-26 5.00 904(37+38) Я-71 65686 2023-12-26 65686 ბსუ-ს საპატიო დოქტორის გურამ ლორთქიფანიძის საჩუქარი 2023-12-26 წიგნი 5 ლ.